000 00276nam a22001217a 4500
041 _aENG
100 _aRaja Dixit
245 _aPracheen ani Madhyayugin bharatacha Etihas
260 _aPune
_bNirali Prakashan
_c2001
300 _a218
650 _aMarathi
856 _uMarathi
999 _c3254
_d3254